Post Modern Europe (Record no. 18993)

MARC details
000 -LEADER
fixed length control field 00680nam a2200241 a 4500
020 ## - INTERNATIONAL STANDARD BOOK NUMBER
ISBN
082 00 - DEWEY DECIMAL CLASSIFICATION NUMBER
Classification number 266.00940
Author Cutter SWE
100 ## - MAIN ENTRY--AUTHOR NAME
Author name Swedish Inst Of Missionary Res,
245 ## - TITLE STATEMENT
Title Post Modern Europe
Sub title Context and Mission
260 ## - PUBLICATION, DISTRIBUTION, ETC. (IMPRINT)
Place of publication Uppsala
Name of publisher Swedish Inst. of Missionary Research
Year of publication 2002
300 ## - PHYSICAL DESCRIPTION
Number of Pages 558p
500 ## - GENERAL NOTE
General note includes index and biblioraphy
505 2# - FORMATTED CONTENTS NOTE
Formatted contents note Foreign Parts 1701-1950
650 ## - SUBJECT ADDED ENTRY--TOPICAL TERM
Topical Term Christianity and Other Religions
942 ## - ADDED ENTRY ELEMENTS (KOHA)
Koha item type Books
700 1# -
-- Swedish Inst Of Missionary Res,
Holdings
Collection code Home library Current library Date acquired Cost, normal purchase price Full call number Accession Number Koha item type
  Henry Martyn Institute Library Henry Martyn Institute Library 07/11/2007 100.00 266.00940 SWE 11001441 Books
                   Copyright © 2026 | Henry Martyn Institute | Hyderabad | TS-500052 | INDIA | Implemented by hmi.edu.in
Hit-Count:

Powered by Koha